|
|
|
|
| LEADER |
00787nab a2200205 i 4500 |
| 001 |
publ13239 |
| 005 |
20220927150124.0 |
| 008 |
180425s2014 hu o 0|| francia d |
| 022 |
|
|
|a 1661-4577
|
| 024 |
7 |
|
|a 2480530
|2 mtmt
|
| 040 |
|
|
|a SZTE Publicatio Repozitórium
|b hun
|
| 041 |
|
|
|a francia
|
| 100 |
1 |
|
|a Monok István
|
| 245 |
1 |
0 |
|a L’édition vénitienne et l’Europe centrale, XVe-XVIe siècles
|h [elektronikus dokumentum] /
|c Monok István
|
| 260 |
|
|
|c 2014
|
| 300 |
|
|
|a 311-317
|
| 490 |
0 |
|
|a HISTOIRE ET CIVILISATION DU LIVRE
|v 9
|
| 650 |
|
4 |
|a Történettudomány és régészet
|
| 856 |
4 |
0 |
|u http://publicatio.bibl.u-szeged.hu/13239/7/13239_cimlap.jpg
|z Dokumentum-elérés
|
| 856 |
4 |
0 |
|u http://publicatio.bibl.u-szeged.hu/13239/12/Monok_edit_venitienne_HCL_2014.pdf
|z Dokumentum-elérés
|